Robotic explorations : (Record no. 18821)

MARC details
000 -LEADER
fixed length control field 00826cam a2200265 a 4500
001 - CONTROL NUMBER
control field 12082631
005 - DATE AND TIME OF LATEST TRANSACTION
control field 20141223152702.0
008 - FIXED-LENGTH DATA ELEMENTS--GENERAL INFORMATION
fixed length control field 000627t2001 xxua frb 001 0 eng d
010 ## - LIBRARY OF CONGRESS CONTROL NUMBER
LC control number 00058013
020 ## - INTERNATIONAL STANDARD BOOK NUMBER
International Standard Book Number 0130895687
020 ## - INTERNATIONAL STANDARD BOOK NUMBER
International Standard Book Number 9780130895684
040 ## - CATALOGING SOURCE
Original cataloging agency DLC
Transcribing agency DLC
Modifying agency DLC
-- EG-ScBUE
082 00 - DEWEY DECIMAL CLASSIFICATION NUMBER
Classification number 629.892
Edition number 22
Item number MAR
100 1# - MAIN ENTRY--PERSONAL NAME
Personal name Martin, Fred G.
9 (RLIN) 37039
245 10 - TITLE STATEMENT
Title Robotic explorations :
Remainder of title a hands-on introduction to engineering /
Statement of responsibility, etc Fred G. Martin.
260 ## - PUBLICATION, DISTRIBUTION, ETC. (IMPRINT)
Place of publication, distribution, etc Upper Saddle River, United States :
Name of publisher, distributor, etc Prentice Hall,
Date of publication, distribution, etc c.2001.
300 ## - PHYSICAL DESCRIPTION
Extent x, 462 p. :
Other physical details ill. ;
Dimensions 27 cm.
500 ## - GENERAL NOTE
General note Index : p. 451-462.
504 ## - BIBLIOGRAPHY, ETC. NOTE
Bibliography, etc bibliography : p. 449.
650 #0 - SUBJECT ADDED ENTRY--TOPICAL TERM
Topical term or geographic name as entry element Robotics
9 (RLIN) 19015
650 #0 - SUBJECT ADDED ENTRY--TOPICAL TERM
Topical term or geographic name as entry element Engineering design
9 (RLIN) 3587
653 ## - INDEX TERM--UNCONTROLLED
Resource For college Engineering, Electrical
Arrived date list December2014
655 ## - INDEX TERM--GENRE/FORM
Form subdivision
-- 34232
942 ## - ADDED ENTRY ELEMENTS (KOHA)
Source of classification or shelving scheme Dewey Decimal Classification
Call number prefix 629.892 MAR
Holdings
Withdrawn status Item status Source of classification or shelving scheme Damaged status Not for loan Vendor Home library Current library Shelving location Date acquired Source of acquisition Cost, normal purchase price Serial Enumeration / chronology Total Checkouts Full call number Barcode Date last seen Cost, replacement price Koha item type
    Dewey Decimal Classification     Baccah Central Library Central Library First floor 23/12/2014   898.00 21291   629.892 MAR 000037241 15/07/2025 1123.00 Book - Borrowing